Natural disasters / (Record no. 17054)

000 -LEADER
fixed length control field 00438cam a22001574a 4500
020 ## - INTERNATIONAL STANDARD BOOK NUMBER
ISBN 0072826819 (alk. paper)
040 ## - CATALOGING SOURCE
Transcribing agency DLC
082 00 - DEWEY DECIMAL CLASSIFICATION NUMBER
Classification number 904 HIL 2006 A087 Or.
100 1# - MAIN ENTRY--AUTHOR NAME
Personal name Abbott, Patrick L
245 10 - TITLE STATEMENT
Title Natural disasters /
250 ## - EDITION STATEMENT
Edition statement 5th ed
260 ## - PUBLICATION, DISTRIBUTION, ETC. (IMPRINT)
Place of publication Boston :
Name of publisher McGraw-Hill Higher Education,
Year of publication c2006
300 ## - PHYSICAL DESCRIPTION
Number of Pages xvii, 496 p. :
Other physical details ill. (some col.), maps (some col.) ;
Dimensions 28 cm
650 #0 - SUBJECT ADDED ENTRY--TOPICAL TERM
Topical Term Natural disasters
942 ## - ADDED ENTRY ELEMENTS (KOHA)
Koha item type សៀវភៅភាសាអង់គ្លេស
952 ## - LOCATION AND ITEM INFORMATION (KOHA)
Withdrawn status [LOCAL, KOHA] 0
Holdings
Permanent Location Date acquired Koha item type Lost status Shelving location Barcode Current Location Full call number
Library Block A2018-07-23សៀវភៅភាសាអង់គ្លេស A087A13995Library Block A904 HIL 2006 A087 Or.
មជ្ឈមណ្ឌលឯការនៃសាកលវិទ្យាល័យភូមិន្ទកសិកម្មចំការដូង

Powered by Koha